000 01572cam a2200169 4500500
005 20260111091235.0
041 _afre
042 _adc
100 1 0 _aRemaud, Michel
_eauthor
245 0 0 _aJean et les traditions juives anciennes sur l’Exode : dépendances et oppositions
260 _c2005.
500 _a91
520 _aUn midrash sur la scène du buisson ardent peut éclairer doublement certains passages des écrits johanniques. Il apporte une confirmation à l’idée classique d’une corrélation entre l’épisode des noces de Cana et la crucifixion de Jésus. Il autorise aussi l’hypothèse que certains thèmes ou expressions des textes johanniques (la comparaison de Jésus au serpent, la désignation de Jésus par l’expression « celui-là ») pourraient être un écho de la polémique entre la première génération chrétienne et la Synagogue.
520 _aA midrash concerning the burning bush throws light on some passages of the fourth gospel. It confirms the idea of a correlation between the wedding in Cana and Jesus’ crucifixion ; it also comforts the hypothesis that in several themas and expressions found in that gospel (the comparison between Jesus and the snake, the use of the pronoun that one in reference to Jesus), we find an echo of the polemics between the first Christian generation and the Synagogue.
786 0 _nNouvelle revue théologique | 127 | 4 | 2005-12-15 | p. 557-570 | 0029-4845
856 4 1 _uhttps://shs.cairn.info/revue-nouvelle-revue-theologique-2005-4-page-557?lang=fr&redirect-ssocas=7080
999 _c1620721
_d1620721